00301nam a2200121Ia 4500008004100000082001500041100002000056245004400076250001200120260003000132300000900162650000800171191201s2008 xx 000 0 und d a658.4bAGB aAGGARWAL,Rohini 0aBusiness Communication and Organisation a2nd Rep aN. DelhibTaxmann,sc2008 aMISC aBBA